000 00299nam a22001337a 4500
008 170418b xxu||||| |||| 00| 0 eng d
020 _a0967783933
041 _aeng
080 _23 ED
_a579
100 _a11
101 _aSHM
245 _aCLINICAL MICROBIOLOGY
_cWARINEER.P.Q
942 _2udc
_cBK
999 _c10972
_d10972